MyGZULibrary

Clinical nursing skills & techniques/ (Record no. 11260)

MARC details
000 -LEADER
fixed length control field 01639cam a2200373 i 4500
001 - CONTROL NUMBER
control field 18067098
003 - CONTROL NUMBER IDENTIFIER
control field GZU
005 - DATE AND TIME OF LATEST TRANSACTION
control field 20240408114001.0
008 - FIXED-LENGTH DATA ELEMENTS--GENERAL INFORMATION
fixed length control field 140313s2014 mou a bf 001 0 eng
010 ## - LIBRARY OF CONGRESS CONTROL NUMBER
LC control number 2013372078
020 ## - INTERNATIONAL STANDARD BOOK NUMBER
International Standard Book Number 9780323083836 (pbk)
022 ## - INTERNATIONAL STANDARD SERIAL NUMBER
International Standard Serial Number No number
040 ## - CATALOGING SOURCE
Original cataloging agency DLC
Language of cataloging eng
Transcribing agency DLC
Description conventions rda
Modifying agency DLC
042 ## - AUTHENTICATION CODE
Authentication code pcc
050 00 - LIBRARY OF CONGRESS CALL NUMBER
Classification number RT51
Item number PER 2014
082 00 - DEWEY DECIMAL CLASSIFICATION NUMBER
Classification number 610.73
Edition number 23
100 1# - MAIN ENTRY--PERSONAL NAME
Personal name Perry, Anne Griffin.
245 10 - TITLE STATEMENT
Title Clinical nursing skills & techniques/
Statement of responsibility, etc. Anne Griffin Perry
250 ## - EDITION STATEMENT
Edition statement Eighth edition
Remainder of edition statement Anne Griffin Perry, RN, MSN, EdD, FAAN, Associate Dean and Professor, School of Nursing, Southern Illinois University--Edwardsville, Edwardsville, Illinois, Patricia A. Potter, RN, MSN, PhD, FAAN, Director of Research, Patient Care Services, Barnes-Jewish Hospital, St. Louis, Missouri, Wendy R. Ostendorf, RN, MS, EdD, CNE, Associate Professor of Nursing, Neuman University, Aston, Pennsylvania.
264 #1 - PRODUCTION, PUBLICATION, DISTRIBUTION, MANUFACTURE, AND COPYRIGHT NOTICE
Place of production, publication, distribution, manufacture St. Louis, Missouri:
Name of producer, publisher, distributor, manufacturer Elsevier,
Date of production, publication, distribution, manufacture, or copyright notice [2014]
300 ## - PHYSICAL DESCRIPTION
Extent xviii, 1196 pages:
Other physical details color illustrations;
Dimensions 28 cm
336 ## - CONTENT TYPE
Content type term text
Content type code txt
Source rdacontent
337 ## - MEDIA TYPE
Media type term unmediated
Media type code n
Source rdamedia
338 ## - CARRIER TYPE
Carrier type term volume
Carrier type code nc
Source rdacarrier
504 ## - BIBLIOGRAPHY, ETC. NOTE
Bibliography, etc. note Includes bibliographical references and index.
505 ## - FORMATTED CONTENTS NOTE
Title Clinical nursing skills and techniques
520 ## - SUMMARY, ETC.
Summary, etc. Supporting the patient through the health care system
650 #0 - SUBJECT ADDED ENTRY--TOPICAL TERM
Topical term or geographic name entry element Nursing
Form subdivision Handbooks, manuals, etc.
700 1# - ADDED ENTRY--PERSONAL NAME
Personal name Potter, Patricia Ann.
700 1# - ADDED ENTRY--PERSONAL NAME
Personal name Ostendorf, Wendy.
906 ## - LOCAL DATA ELEMENT F, LDF (RLIN)
a 7
b cbc
c orignew
d 2
e ncip
f 20
g y-gencatlg
942 ## - ADDED ENTRY ELEMENTS (KOHA)
Source of classification or shelving scheme Library of Congress Classification
Koha item type Books
Edition Eighth edition
Classification part 51
Item part PER
Call number prefix RT
Holdings
Withdrawn status Lost status Source of classification or shelving scheme Damaged status Not for loan Collection code Home library Current library Shelving location Date acquired Source of acquisition Total Checkouts Full call number Barcode Date last seen Date last checked out Copy number Price effective from Koha item type
    Library of Congress Classification     Non-fiction Medical Library Medical Library General Stacks 04/08/2024 Donation 3 RT51PER2014 033288 09/16/2025 09/04/2025 c.1 04/08/2024 Books